00638nam a2200205Ia 4500003000400000008004100004020002300045040000800068100001600076245003700092260004800129300001000177365001100187901002100198902003900219903005800258942001200316952008700328999001700415LDD181029s9999 xx 000 0 und d a8120609735c235.00 cLDD aGeden, A.S. 0aComparative religioncA.S. Geden aNew DelhibAsian Educational Servicesc1994 a144p. b235.00 a6401b22-10-2010 aAES/A-0322b08-11-2010cFdAESe95 aDiscount-15bReqst by : Ravindera Kumar  2ddccBK 00102ddc4070992000aLDDbLDDl0o290 G267Cp075335r2018-11-01w2018-11-01yBK c92001d92001